Who Played Who? 2 (Actress) Quiz Stats

 Plays Quiz not verified by Sporcle

Also try: Disney Cats
Challenge
Share
Tweet
Embed
Score 0/58 Timer 10:00
0 Plays Today
Role-Movie % Correct
Annabel/Anna (Freaky Friday)Lindsay Lohan
92.4%
Laurie Strode (Halloween)Jamie Lee Curtis
90%
Marion Crane (Psycho)Janet Leigh
73.2%
Joanna Eberhart (The Stepford Wives)Nicole Kidman
71.5%
Sabrina Fairchild (Sabrina)Audrey Hepburn
71.3%
Elizabeth (Pride & Prejudice)Keira Knightley
71%
Jane (Fun with Dick and Jane)Tea Leoni
68.2%
Ann Darrow (King Kong)Naomi Watts
66%
Ann Darrow (King Kong)Fay Wray
63.7%
Vicki/Catherine (The Thomas Crown Affair)Rene Russo
57.7%
Annabel/Anna (Freaky Friday)Jodie Foster
56.5%
Babe Bennett (Mr. Deeds Goes to Town/Mr. Deeds)Winona Ryder
56.5%
Jane (Fun with Dick and Jane)Jane Fonda
52.5%
Nikita/Maggie(La Femme Nikita/Point of No Return)Bridget Fonda
52.5%
Marion Crane (Psycho)Anne Heche
52.3%
Eleanor Iselin/Shaw (The Manchurian Candidate)Meryl Streep
51.3%
Esther Blodgett/Hoffman (A Star is Born)Barbra Streisand
50.8%
Esther Blodgett/Hoffman (A Star is Born)Judy Garland
47.7%
Loana (One Million B.C.)Raquel Welch
44.7%
Eleanor Iselin/Shaw (The Manchurian Candidate)Angela Lansbury
42.5%
Sara Deever (Sweet November)Charlize Theron
41.1%
Kay/Annie (Father of the Bride)Elizabeth Taylor
39.7%
Vicki/Catherine (The Thomas Crown Affair)Faye Dunaway
38%
Ariel Moore (Footloose)Julianne Hough
34%
Kay/Annie (Father of the Bride)Kimberly Williams
30.9%
Sabrina Fairchild (Sabrina)Julia Ormond
30.2%
Terry McKay (Love Affair/An Affair to Remember)Deborah Kerr
27.6%
Terry McKay (Love Affair/An Affair to Remember)Annette Bening
26.6%
Katherine (The Omen)Julia Stiles
26.6%
Role-Movie % Correct
Carol McCoy (The Getaway)Kim Basinger
26.1%
Patti Randall (That Darn Cat!)Hayley Mills
25.2%
Ariel Moore (Footloose)Lori Singer
23.8%
Gloria (Gloria)Sharon Stone
23.8%
Billie Dawn (Born Yesterday)Judy Holliday
23.5%
Patti Randall (That Darn Cat!)Christina Ricci
23.3%
Carol McCoy (The Getaway)Ali MacGraw
23%
Billie Dawn (Born Yesterday)Melanie Griffith
21.9%
Crystal Allen (The Women)Joan Crawford
20.2%
Doris/Dorey (Miracle on 34th Street)Maureen O'Hara
19.2%
Katherine (The Omen)Lee Remick
18.5%
Joanna Eberhart (The Stepford Wives)Katharine Ross
16.9%
Doris/Dorey (Miracle on 34th Street)Elizabeth Perkins
15.9%
Gloria (Gloria)Gena Rowlands
15.9%
Kathy Lutz (The Amityville Horror)Margot Kidder
15.2%
Crystal Allen (The Women)Eva Mendes
14.3%
Nancy (A Nightmare on Elm Street)Heather Langenkamp
13.5%
Esther Blodgett/Hoffman (A Star is Born)Janet Gaynor
13.1%
Elizabeth (Pride & Prejudice)Greer Garson
12.8%
Kathy Lutz (The Amityville Horror)Melissa George
12.6%
Babe Bennett (Mr. Deeds Goes to Town/Mr. Deeds)Jean Arthur
12.1%
Nancy (A Nightmare on Elm Street)Rooney Mara
12.1%
Stevie Wayne (The Fog)Adrienne Barbeau
11.9%
Terry McKay (Love Affair/An Affair to Remember)Irene Dunne
10%
Laurie Strode (Halloween)Scout Taylor-Compton
9.3%
Nikita/Maggie(La Femme Nikita/Point of No Return)Anne Parillaud
6.2%
Stevie Wayne (The Fog)Selma Blair
5.9%
Sara Deever (Sweet November)Sandy Dennis
5.7%
Loana (One Million B.C.)Carole Landis
1%

You're not logged in!

Compare scores with friends on all Sporcle quizzes.
Join for Free
OR
Log In

You Might Also Like...

Show Comments

Extras

Top Quizzes Today


Score Distribution

Your Account Isn't Verified!

In order to create a playlist on Sporcle, you need to verify the email address you used during registration. Go to your Sporcle Settings to finish the process.

Report this User

Report this user for behavior that violates our Community Guidelines.

Details: